[Event "France Jeunes Belfort 2017"]
[Site "Belfort"]
[Date "2017.04.21"]
[Round "7.6"]
[White "Dudognon, Thibault"]
[Black "Caloone, Thomas"]
[Result "1/2-1/2"]
[WhiteElo "2218"]
[BlackElo "2149"]
[PlyCount "132"]
[EventDate "2017.??.??"]
[TimeControl "6000+800"]
[WhiteClock "0:06:24"]
[BlackClock "0:03:09"]

1. c4 d6 2. g3 g6 3. Bg2 Bg7 4. Nc3 Nf6 5. e4 e5 6. Nge2 O-O 7. O-O c6 8. d3
Be6 9. h3 Qc8 10. Kh2 Rd8 11. f4 exf4 12. Nxf4 Nbd7 13. Nxe6 fxe6 14. Qe2 Rf8
15. Be3 Qc7 16. d4 a6 17. Rac1 Rae8 18. Qd2 c5 19. dxc5 dxc5 20. Bf4 Ne5 21.
Rcd1 Nh5 22. Qe2 Nxf4 23. gxf4 Rxf4 24. Rxf4 g5 25. Qh5 Ng6 26. Qxg5 Nxf4 27.
Kh1 Kh8 28. Bf3 Rg8 29. Qh4 Ng6 30. Qe1 Qf4 31. Bg4 Be5 32. Qd2 Qxd2 33. Rxd2
Nf4 34. Ne2 h5 35. Nxf4 Bxf4 36. Rf2 hxg4 37. Rxf4 gxh3 38. Rh4+ Kg7 39. Rxh3
Kf6 40. Rh5 b6 41. a4 Rg5 42. Rh3 Rg4 43. a5 bxa5 44. Ra3 Rxe4 45. b3 Re3 46.
Rxa5 Rxb3 47. Rxc5 Ke7 48. Ra5 Rb6 49. Kg2 Rc6 50. Kf3 Kf6 51. Ke3 Rxc4 52.
Rxa6 Kf5 53. Ra3 Rh4 54. Kf2 Rf4+ 55. Ke2 Rb4 56. Rc3 e5 57. Ra3 Rb2+ 58. Ke1
Kf4 59. Rc3 e4 60. Ra3 Ke5 61. Ra5+ Kd4 62. Ra4+ Ke3 63. Ra3+ Kf4 64. Rc3 Rb4
65. Ra3 e3 66. Ra8 Rb1+ 1/2-1/2

[Event "France Jeunes Belfort 2017"]
[Site "Belfort"]
[Date "2017.04.22"]
[Round "8.1"]
[White "Bellahcene, Anissa"]
[Black "Retailleau, Elise"]
[Result "1-0"]
[WhiteElo "1806"]
[BlackElo "1946"]
[PlyCount "61"]
[EventDate "2017.??.??"]
[TimeControl "6000+800"]
[WhiteClock "0:26:40"]
[BlackClock "0:17:22"]

1. e4 c5 2. c3 d5 3. exd5 Qxd5 4. Na3 Nf6 5. Nf3 Nc6 6. Bc4 Qe4+ 7. Qe2 Bg4 8.
Bxf7+ Kxf7 9. Ng5+ Kg6 10. Qxe4+ Nxe4 11. Nxe4 Bf5 12. f3 Ne5 13. d4 cxd4 14.
cxd4 Nc6 15. Be3 Rd8 16. Rd1 e5 17. Nc2 b6 18. Ke2 Bd6 19. d5 Ne7 20. g4 Bc8
21. Bg5 Rd7 22. Nxd6 Kxg5 23. Nf7+ Kf6 24. Nxh8 Nxd5 25. Kf2 Rc7 26. Ne3 Nxe3
27. Kxe3 Rc2 28. Rc1 Rxc1 29. Rxc1 Be6 30. Rc6 Ke7 31. Rc7+ 1-0

[Event "France Jeunes Belfort 2017"]
[Site "Belfort"]
[Date "2017.04.22"]
[Round "8.1"]
[White "Candelot, Clement"]
[Black "Maugenest, Ghislain"]
[Result "1/2-1/2"]
[WhiteElo "1839"]
[BlackElo "1915"]
[PlyCount "87"]
[EventDate "2017.??.??"]
[TimeControl "6000+985"]
[WhiteClock "0:08:24"]
[BlackClock "0:10:40"]

1. e4 e6 2. d4 d5 3. Nd2 Nf6 4. e5 Nfd7 5. Bd3 c5 6. c3 Nc6 7. Ne2 cxd4 8. cxd4
f6 9. exf6 Nxf6 10. Nf3 Bd6 11. Bf4 Qa5+ 12. Bd2 Qc7 13. Bg5 O-O 14. Bh4 Bb4+
15. Kf1 e5 16. dxe5 Nxe5 17. Rc1 Qe7 18. Nf4 Qd6 19. Bg3 Nxf3 20. Qxf3 Bg4 21.
Qe3 d4 22. Bc4+ Kh8 23. Qd3 Qd7 24. a3 Ba5 25. f3 Bf5 26. Qd1 b5 27. Bd3 Nd5
28. Nxd5 Qxd5 29. Bxf5 Rxf5 30. Qd3 Rff8 31. b4 Bb6 32. Be1 Rac8 33. Bd2 Rxc1+
34. Bxc1 Re8 35. Kf2 Qa2+ 36. Kg3 Re2 37. Rg1 Qe6 38. Bf4 Qg6+ 39. Qxg6 hxg6
40. Rd1 Kg8 41. Rd2 Re6 42. Kg4 Kf7 43. Bg3 Re3 44. Bf2 1/2-1/2

[Event "France Jeunes Belfort 2017"]
[Site "Belfort"]
[Date "2017.04.22"]
[Round "8.1"]
[White "Harutyunyan, Ruben"]
[Black "Zachary, Matheo"]
[Result "1-0"]
[WhiteElo "2218"]
[BlackElo "2267"]
[PlyCount "69"]
[EventDate "2017.??.??"]
[TimeControl "6000+810"]
[WhiteClock "0:44:52"]
[BlackClock "0:31:02"]

1. d4 d5 2. c4 c6 3. Nf3 Nf6 4. Nbd2 Bf5 5. Nh4 Bg4 6. h3 Bh5 7. g4 Bg6 8. Nxg6
hxg6 9. Bg2 e6 10. e3 Qc7 11. Qc2 Bd6 12. b3 Nbd7 13. Bb2 O-O-O 14. O-O-O Kb8
15. Kb1 g5 16. c5 Be7 17. b4 Rhe8 18. Bf1 b6 19. Rc1 b5 20. Bc3 g6 21. Kb2 Nf8
22. a4 a6 23. Ra1 Kc8 24. axb5 axb5 25. Ra6 Kd7 26. Nf3 Qb7 27. Ne5+ Kc7 28.
Rxc6+ Qxc6 29. Nxc6 Kxc6 30. Bxb5+ Kxb5 31. Qd3+ Kc6 32. Qa6+ Kc7 33. Qb6+ Kc8
34. Qc6+ Kb8 35. Ra1 1-0

[Event "France Jeunes Belfort 2017"]
[Site "Belfort"]
[Date "2017.04.22"]
[Round "8.1"]
[White "Nguyen, Thao Nhi"]
[Black "Bellahcene, Sofia"]
[Result "1-0"]
[WhiteElo "1691"]
[BlackElo "1699"]
[PlyCount "61"]
[EventDate "2017.??.??"]
[TimeControl "6000+1650"]
[WhiteClock "0:25:46"]
[BlackClock "0:23:27"]

1. e4 c5 2. Nc3 Nc6 3. Bb5 Nd4 4. Bc4 g6 5. Nf3 Bg7 6. Nxd4 cxd4 7. Qf3 Nh6 8.
Ne2 O-O 9. O-O a6 10. Qg3 e6 11. d3 f5 12. Nxd4 d5 13. Bb3 Ng4 14. Ne2 Be5 15.
f4 Bf6 16. Qf3 Qb6+ 17. Kh1 Rd8 18. exd5 exd5 19. Bxd5+ Kh8 20. Bb3 Bd7 21. h3
Nh6 22. Be3 Qd6 23. Nc3 Bc6 24. Qf2 Re8 25. Rae1 b5 26. Bc5 Qd7 27. Rxe8+ Rxe8
28. Re1 Rxe1+ 29. Qxe1 Bxg2+ 30. Kxg2 Qc6+ 31. Nd5 1-0

[Event "France Jeunes Belfort 2017"]
[Site "Belfort"]
[Date "2017.04.22"]
[Round "8.1"]
[White "Philippe, Guillaume"]
[Black "O'Sullivan, Thomas"]
[Result "1/2-1/2"]
[WhiteElo "2307"]
[BlackElo "2223"]
[PlyCount "82"]
[EventDate "2017.??.??"]
[TimeControl "6000+1090"]
[WhiteClock "0:07:55"]
[BlackClock "0:03:20"]

1. Nf3 c5 2. e3 g6 3. d4 Bg7 4. dxc5 Qa5+ 5. Nfd2 Qxc5 6. Ne4 Qc7 7. Nbc3 Nh6
8. Nd5 Qd8 9. c4 O-O 10. Be2 Nc6 11. O-O d6 12. Nec3 Bd7 13. Bd2 Rc8 14. Rc1 f5
15. b4 e6 16. Nf4 Nf7 17. b5 Nce5 18. Qb3 b6 19. a4 Qc7 20. c5 dxc5 21. Nxe6
Bxe6 22. Qxe6 Kh8 23. f4 Rcd8 24. Qa2 Nd3 25. Rcd1 c4 26. Bf3 Qc5 27. a5 Nb4
28. Qb2 bxa5 29. Kh1 Nd6 30. Qa3 Nxb5 31. Qxa5 Rxd2 32. Rxd2 Bxc3 33. Rd8 a6
34. Rc1 Qe7 35. Rxf8+ Qxf8 36. Rxc3 Nxc3 37. Qe5+ Qg7 38. Qe8+ Qg8 39. Qe5+ Qg7
40. Qe8+ Qg8 41. Qe5+ Qg7 1/2-1/2

[Event "France Jeunes Belfort 2017"]
[Site "Belfort"]
[Date "2017.04.22"]
[Round "8.1"]
[White "Rubsamen, Anais"]
[Black "Francois, Gwladys"]
[Result "1-0"]
[WhiteElo "1610"]
[BlackElo "1738"]
[PlyCount "145"]
[EventDate "2017.??.??"]
[TimeControl "6000+865"]
[WhiteClock "0:04:09"]
[BlackClock "0:25:44"]

1. Nf3 Nf6 2. c4 g6 3. g3 Bg7 4. Bg2 O-O 5. O-O d6 6. d4 Nbd7 7. Nc3 e5 8. e3
Re8 9. Re1 a5 10. a4 c6 11. b3 e4 12. Nd2 d5 13. Ba3 Nf8 14. cxd5 cxd5 15. Nb5
Re6 16. Rc1 Rc6 17. Rc2 Bg4 18. Qb1 Rac8 19. Rb2 Ra8 20. h3 Bf5 21. Rc1 h5 22.
Rbc2 Qd7 23. Kh2 N8h7 24. Rxc6 bxc6 25. Nc3 Ng5 26. h4 Nf3+ 27. Bxf3 exf3 28.
Qb2 Bg4 29. e4 dxe4 30. Ncxe4 Nxe4 31. Nxe4 Bh3 32. Ng5 Bg2 33. Qc3 f6 34. Qc4+
Kh8 35. Ne6 Re8 36. Nf4 g5 37. Nxg2 fxg2 38. Qxc6 Qd8 39. hxg5 fxg5 40. Kxg2
Kh7 41. d5 Re2 42. Rc2 Re4 43. Bb2 Bxb2 44. Rxb2 Rd4 45. Re2 Qxd5+ 46. Qxd5
Rxd5 47. Re6 Kg7 48. Rb6 Kf7 49. Rh6 g4 50. Kf1 Re5 51. Rc6 Ke7 52. Rc2 Kd6 53.
Re2 Rf5 54. Re8 Kc5 55. Rb8 Kd4 56. Ke2 Ke4 57. b4 Kd4 58. Rb5 Rf7 59. Rxa5
Re7+ 60. Kf1 Kc4 61. b5 Kc5 62. Ra6 Rh7 63. b6 Kc6 64. a5 Rd7 65. Ra7 Rd1+ 66.
Ke2 Rb1 67. Rh7 Rb5 68. b7 Rb2+ 69. Ke3 Rb3+ 70. Ke4 Kd6 71. a6 Rb4+ 72. Kf5
Rb5+ 73. Kg6 1-0

[Event "France Jeunes Belfort 2017"]
[Site "Belfort"]
[Date "2017.04.22"]
[Round "8.1"]
[White "Salvador, Lucie"]
[Black "Conti, Anne-Marie"]
[Result "1-0"]
[WhiteElo "1823"]
[BlackElo "1712"]
[PlyCount "86"]
[EventDate "2017.??.??"]
[TimeControl "6000+855"]
[WhiteClock "0:00:42"]
[BlackClock "0:00:33"]

1. d4 d5 2. Nf3 e6 3. g3 g6 4. Bg2 Bg7 5. O-O c6 6. c4 Ne7 7. Nc3 O-O 8. b3 Re8
9. Bb2 Nd7 10. Qc2 Nf5 11. Rfd1 Qc7 12. cxd5 cxd5 13. Rac1 a6 14. e4 dxe4 15.
Nxe4 Qxc2 16. Rxc2 Nb6 17. Ne5 Rd8 18. Rdd2 Nd5 19. a3 h6 20. g4 Nh4 21. Bh1 f5
22. gxf5 gxf5 23. Nc5 b6 24. Ncd3 Bb7 25. Nc6 Re8 26. Nde5 Kh7 27. Kf1 Bf6 28.
Bxd5 exd5 29. f4 Re6 30. Nb4 Rae8 31. Rc7+ R8e7 32. Rdc2 a5 33. Nbd3 Ba6 34.
Rxe7+ Rxe7 35. Ke2 Bxe5 36. dxe5 Ng6 37. Bc1 Bb7 38. Be3 Ba6 39. Bc1 Bb7 40.
Be3 Ba6 41. Rc6 Rb7 42. Rd6 Ne7 43. Rxb6 Bxd3+ 1-0

[Event "France Jeunes Belfort 2017"]
[Site "Belfort"]
[Date "2017.04.22"]
[Round "8.1"]
[White "Tahay, Alexis"]
[Black "Daeschler, Florian"]
[Result "1-0"]
[WhiteElo "2239"]
[BlackElo "2124"]
[PlyCount "65"]
[EventDate "2017.??.??"]
[TimeControl "6000+725"]
[WhiteClock "0:26:58"]
[BlackClock "0:01:56"]

1. e4 e5 2. Nf3 Nc6 3. Bb5 a6 4. Ba4 Nf6 5. O-O Be7 6. Qe2 b5 7. Bb3 O-O 8. c3
d5 9. d3 dxe4 10. dxe4 Qe8 11. Bg5 Nd7 12. Nbd2 Nd8 13. Rfd1 Bxg5 14. Nxg5 Qe7
15. Ngf3 Rb8 16. Nf1 Nc5 17. Qe3 Rb6 18. Ng3 Rf6 19. Qg5 Nxb3 20. Nh5 Ne6 21.
Nxf6+ Kh8 22. Qh4 gxf6 23. axb3 Nf4 24. Ne1 Rg8 25. f3 Rg6 26. Rd2 Nh3+ 27. Kh1
Qc5 28. Nd3 Qe3 29. Qe1 Qg5 30. gxh3 Bxh3 31. Qf2 Qh5 32. Rg1 Rxg1+ 33. Kxg1
1-0

[Event "France Jeunes Belfort 2017"]
[Site "Belfort"]
[Date "2017.04.22"]
[Round "8.1"]
[White "Travadon, Loic"]
[Black "Burri, Quentin"]
[Result "0-1"]
[WhiteElo "2348"]
[BlackElo "2372"]
[PlyCount "68"]
[EventDate "2017.??.??"]
[TimeControl "6000+870"]
[WhiteClock "0:38:28"]
[BlackClock "0:12:04"]

1. c4 Nf6 2. Nc3 e5 3. Nf3 Nc6 4. e3 Bb4 5. Qc2 Bxc3 6. Qxc3 Qe7 7. d4 Ne4 8.
Qd3 exd4 9. Nxd4 O-O 10. Be2 Qb4+ 11. Kf1 Qe7 12. f3 Nc5 13. Qc3 d6 14. Nxc6
bxc6 15. Kf2 a5 16. b3 f5 17. Re1 Be6 18. Bb2 Rf6 19. Kg1 Rg6 20. Bf1 Nd7 21.
g3 h5 22. Qd4 h4 23. Kf2 hxg3+ 24. hxg3 c5 25. Qf4 Nf6 26. Bd3 Rf8 27. Qh4 Rh6
28. Bxf6 Rfxf6 29. Qg5 Rh2+ 30. Kf1 Qf7 31. e4 Rh5 32. Qe3 f4 33. Qg1 fxg3 34.
Kg2 Bh3+ 0-1

[Event "France Jeunes Belfort 2017"]
[Site "Belfort"]
[Date "2017.04.21"]
[Round "8.1"]
[White "Vernet, Solene"]
[Black "Haussernot, Cécile"]
[Result "0-1"]
[WhiteElo "1863"]
[BlackElo "2107"]
[PlyCount "74"]
[EventDate "2017.??.??"]
[TimeControl "6000+1295"]
[WhiteClock "0:10:12"]
[BlackClock "0:28:13"]

1. d4 Nf6 2. Nf3 e6 3. g3 c5 4. Bg2 Nc6 5. O-O cxd4 6. Nxd4 Bc5 7. Nb3 Bb6 8.
c4 a5 9. a4 d5 10. Na3 O-O 11. Bg5 Nb4 12. cxd5 exd5 13. Nc2 Nxc2 14. Qxc2 h6
15. Bf4 Be6 16. Rfd1 Rc8 17. Qd3 Qd7 18. Nd4 Bh3 19. Nb5 Bf5 20. Qb3 Bc2 21.
Qf3 Bxd1 22. Rxd1 Qe6 23. Qd3 Rfd8 24. Rc1 Ne4 25. Nd4 Qf6 26. Rxc8 Rxc8 27.
Be3 Bxd4 28. Bxd4 Rc1+ 29. Bf1 Qe6 30. Be3 Ra1 31. Kg2 Rxa4 32. Qb5 Rb4 33.
Qxa5 Rxb2 34. Bd4 Rb1 35. e3 Qf5 36. f3 Ng5 37. Be2 Qh3+ 0-1

[Event "France Jeunes Belfort 2017"]
[Site "Belfort"]
[Date "2017.04.22"]
[Round "8.2"]
[White "Afraoui, Anaelle"]
[Black "Bartels, Karina"]
[Result "1/2-1/2"]
[WhiteElo "1977"]
[BlackElo "1759"]
[PlyCount "126"]
[EventDate "2017.??.??"]
[TimeControl "6000+1485"]
[WhiteClock "0:01:16"]
[BlackClock "0:01:40"]

1. e4 e6 2. d4 a6 3. Bd3 b5 4. Nf3 Bb7 5. O-O Nf6 6. Qe2 c5 7. c3 Nc6 8. Nbd2
cxd4 9. Nxd4 Bc5 10. N2b3 Bb6 11. Bg5 Qc7 12. Rfe1 d6 13. a4 bxa4 14. Rxa4 Ne5
15. Bxa6 Bxa6 16. Rxa6 Ke7 17. Rea1 Rxa6 18. Rxa6 Nc4 19. Ra4 Rc8 20. Ra2 Qb7
21. h3 h6 22. Bxf6+ gxf6 23. Ra1 Bxd4 24. Nxd4 Qxb2 25. Ra7+ Ke8 26. Qd1 Qxc3
27. Nb5 Qe5 28. Qa4 Kf8 29. g3 Qc5 30. Nd4 Nb6 31. Qd1 Qc1 32. Qxc1 Rxc1+ 33.
Kg2 Rc4 34. Nb5 Rc6 35. Ra6 Ke7 36. Kf3 e5 37. Kg4 Ke6 38. Ra7 d5 39. Nc7+ Kd6
40. Nxd5 Nxd5 41. exd5 Kxd5 42. Rxf7 Ke6 43. Rh7 Rc2 44. Kf3 Rc3+ 45. Kg2 e4
46. Rxh6 e3 47. fxe3 Rxe3 48. Rh5 f5 49. Rh4 Kf6 50. Rf4 Kg5 51. h4+ Kg6 52.
Kf2 Ra3 53. Rb4 Kh5 54. Rb8 f4 55. Rb5+ Kg4 56. Rg5+ Kh3 57. gxf4 Kxh4 58. Rg8
Rb3 59. Ke2 Ra3 60. f5 Ra5 61. f6 Rf5 62. Rf8 Kg5 63. f7 Kg6 1/2-1/2

[Event "France Jeunes Belfort 2017"]
[Site "Belfort"]
[Date "2017.04.22"]
[Round "8.2"]
[White "Aubert, Estee"]
[Black "Djidjeli, Sarah"]
[Result "1-0"]
[WhiteElo "1741"]
[BlackElo "1934"]
[PlyCount "105"]
[EventDate "2017.??.??"]
[TimeControl "6000+700"]
[WhiteClock "0:04:02"]
[BlackClock "0:23:32"]

1. d4 d5 2. Bf4 c5 3. e3 Nc6 4. c3 Qb6 5. Na3 c4 6. Qc1 Bf5 7. Nf3 h6 8. Be2
Nf6 9. h3 e6 10. Nc2 Be7 11. Bh2 Qa5 12. O-O O-O 13. Nce1 b5 14. b4 Qb6 15. a4
a5 16. axb5 Qxb5 17. bxa5 Nxa5 18. Nd2 Qb7 19. Nef3 Nb3 20. Qb2 Ne4 21. Nxe4
Bxe4 22. Nd2 Bg6 23. e4 Ba3 24. Rxa3 Rxa3 25. Bd6 Ra7 26. Bxf8 Nxd2 27. Qxd2
Kxf8 28. exd5 exd5 29. Bf3 Ra6 30. Re1 f6 31. Qe2 Rb6 32. Kh2 Bf7 33. g3 Rb3
34. Qe3 Qa7 35. Bxd5 g5 36. Bxc4 Rb7 37. Bxf7 Rxf7 38. c4 Qc7 39. c5 h5 40. Kg2
h4 41. Qe4 hxg3 42. fxg3 Qa5 43. Re2 Kg8 44. c6 Qb6 45. d5 f5 46. Qe8+ Kg7 47.
Qe5+ Kg8 48. Rb2 Qc5 49. Rb8+ Rf8 50. Qe6+ Kg7 51. Rb7+ Kh8 52. Qe5+ Kg8 53.
Qg7# 1-0

[Event "France Jeunes Belfort 2017"]
[Site "Belfort"]
[Date "2017.04.21"]
[Round "8.2"]
[White "Bureau-Leroyer, Lola"]
[Black "Saliou, Sarah"]
[Result "1-0"]
[WhiteElo "1635"]
[BlackElo "1684"]
[PlyCount "83"]
[EventDate "2017.??.??"]
[TimeControl "6000+1555"]
[WhiteClock "0:02:00"]
[BlackClock "0:01:25"]

1. e4 c5 2. Nf3 Nc6 3. d4 cxd4 4. Nxd4 g6 5. Nc3 Bg7 6. Nb3 Nf6 7. Be2 O-O 8.
O-O d6 9. Re1 Bd7 10. Bf1 Rc8 11. Bg5 Ne8 12. Rb1 Nc7 13. Nd5 Ne6 14. Bh4 Re8
15. c3 Nc7 16. h3 Be6 17. Rc1 Qd7 18. Rc2 f5 19. Nxc7 Qxc7 20. exf5 Bxf5 21.
Bc4+ Kh8 22. Rd2 a6 23. Bd3 Bxd3 24. Rxd3 Ne5 25. Rde3 Nc6 26. Nd4 e5 27. Nxc6
bxc6 28. f4 Qd7 29. fxe5 Re6 30. exd6 Rxd6 31. Qe2 Bf6 32. Bxf6+ Rxf6 33. Qxa6
Rcf8 34. Re5 Qd2 35. Qe2 Qf4 36. Re7 Qh4 37. Re8 Qa4 38. Qe5 Qa7+ 39. Kh1 Qf7
40. Rxf8+ Qxf8 41. Rf1 Kg7 42. Qxf6+ 1-0

[Event "France Jeunes Belfort 2017"]
[Site "Belfort"]
[Date "2017.04.22"]
[Round "8.2"]
[White "Degraeve, Remy"]
[Black "David, Bogdan-Emanuel"]
[Result "1-0"]
[WhiteElo "2126"]
[BlackElo "2099"]
[PlyCount "39"]
[EventDate "2017.??.??"]
[TimeControl "6000+1130"]
[WhiteClock "1:07:26"]
[BlackClock "0:11:54"]

1. e4 c5 2. Nc3 Nc6 3. Bb5 Nd4 4. Bc4 g6 5. Nf3 Bg7 6. Nxd4 cxd4 7. Qf3 Nh6 8.
Ne2 O-O 9. d3 Ng4 10. Bb3 d6 11. Qg3 Bd7 12. h4 a5 13. a4 Qb6 14. h5 Rfc8 15.
hxg6 hxg6 16. Qh4 Kf8 17. Bg5 Qb4+ 18. Kf1 f6 19. Nf4 fxg5 20. Nxg6+ 1-0

[Event "France Jeunes Belfort 2017"]
[Site "Belfort"]
[Date "2017.04.22"]
[Round "8.2"]
[White "Lamard, Guillaume"]
[Black "Kern, Nicolas"]
[Result "1-0"]
[WhiteElo "2307"]
[BlackElo "2085"]
[PlyCount "81"]
[EventDate "2017.??.??"]

1. d4 d5 2. c4 c6 3. Nf3 Nf6 4. Nc3 dxc4 5. a4 Bf5 6. e3 e6 7. Bxc4 Na6 8. O-O
Nb4 9. Qe2 Be7 10. e4 Bg6 11. Bf4 Qa5 12. Rfd1 O-O 13. Nd2 Qh5 14. f3 Nc2 15.
g4 Qh3 16. Qf2 Nxg4 17. fxg4 Qxg4+ 18. Bg3 Nxa1 19. Rxa1 Rad8 20. Re1 Qg5 21.
Nb3 Rd7 22. h4 Qh6 23. Kh2 Kh8 24. Rf1 Rdd8 25. Kh3 Bh5 26. Bf4 Qf6 27. Qe1 h6
28. Be5 Qg6 29. Rg1 Qh7 30. Rxg7 Qxg7 31. Bxg7+ Kxg7 32. e5 Rg8 33. Bd3 f5 34.
exf6+ Bxf6 35. Ne4 Rdf8 36. Nbc5 Kh8 37. Nxf6 Rxf6 38. Qe5 Bg4+ 39. Kh2 Rgf8
40. Nd7 Kg7 41. Nxf8 1-0

[Event "France Jeunes Belfort 2017"]
[Site "Belfort"]
[Date "2017.04.22"]
[Round "8.2"]
[White "Laurent-Paoli, Pierre"]
[Black "Flick, Antoine"]
[Result "0-1"]
[WhiteElo "2298"]
[BlackElo "2327"]
[PlyCount "112"]
[EventDate "2017.??.??"]
[TimeControl "6000+1750"]
[WhiteClock "0:01:23"]
[BlackClock "0:02:14"]

1. c4 c6 2. Nf3 d5 3. e3 Bf5 4. Qb3 Qc7 5. cxd5 cxd5 6. Nc3 e6 7. Nd4 Bg6 8.
Qa4+ Nd7 9. b3 Ngf6 10. Ndb5 Qb8 11. Qh4 a6 12. Nd4 Be7 13. Bb2 Nc5 14. Qg3 e5
15. Nf3 Bd6 16. Qh4 Nd3+ 17. Bxd3 Bxd3 18. Rc1 O-O 19. Ne2 a5 20. a3 Re8 21.
Rc3 Ba6 22. d4 exd4 23. Qxd4 Qd8 24. Qd1 Qb6 25. Nfd4 Rad8 26. Rc2 Bb8 27. O-O
Qd6 28. g3 Qd7 29. Kg2 Ne4 30. Nf3 Qe6 31. Bd4 Qh6 32. Re1 Bb5 33. Nc3 Bd7 34.
Ng1 Bf5 35. Rce2 Ng5 36. h4 Ne4 37. Rb2 Qg6 38. Nce2 Bd6 39. b4 axb4 40. axb4
Ra8 41. Nf4 Bxf4 42. exf4 Bg4 43. Qb3 Be6 44. Qf3 h5 45. Kh2 Rec8 46. Qe3 Rc4
47. Nf3 Qf5 48. Ne5 Rcc8 49. Nd3 Ra3 50. Rd1 Qg4 51. Rbb1 Rc2 52. f5 Bxf5 53.
Rf1 Nd2 54. Qe8+ Kh7 55. Nf4 Nf3+ 56. Kh1 Qxg3 0-1

[Event "France Jeunes Belfort 2017"]
[Site "Belfort"]
[Date "2017.04.22"]
[Round "8.2"]
[White "Popov, Konstantin"]
[Black "Nguyen-Cadoret, Nathan"]
[Result "1-0"]
[WhiteElo "2026"]
[BlackElo "1930"]
[PlyCount "93"]
[EventDate "2017.??.??"]
[TimeControl "6000+965"]
[WhiteClock "0:04:27"]
[BlackClock "0:11:50"]

1. e4 e5 2. Nf3 Nc6 3. Bb5 a6 4. Ba4 Nf6 5. O-O Be7 6. d3 b5 7. Bb3 d6 8. a4
Bb7 9. Nbd2 O-O 10. Re1 Na5 11. Ba2 bxa4 12. Bb1 c5 13. Rxa4 Bc6 14. Ra1 Qc7
15. Ba2 h6 16. Nf1 Bd7 17. Ne3 Rfb8 18. Nh4 Bf8 19. Qf3 Be6 20. Nhf5 Qd8 21.
Qg3 Kh7 22. f4 Nh5 23. Qg4 Nxf4 24. g3 Ng6 25. Rf1 Nc6 26. h4 Nge7 27. h5 d5
28. exd5 Nxd5 29. Qe4 Rb4 30. Nd4+ f5 31. Nxe6 fxe4 32. Nxd8 Nxe3 33. Nxc6 Nxf1
34. Kxf1 Rb6 35. Nxe5 Rf6+ 36. Bf4 Bd6 37. Nd7 Rf5 38. dxe4 Rxh5 39. Kg2 Be7
40. Bf7 g6 41. Ne5 Kg7 42. Bd5 Rf8 43. g4 Rxf4 44. gxh5 gxh5 45. Rxa6 Bf6 46.
Ra7+ Kf8 47. Ng6+ 1-0

[Event "France Jeunes Belfort 2017"]
[Site "Belfort"]
[Date "2017.04.22"]
[Round "8.2"]
[White "Rollot, Florence"]
[Black "Imperor, Amelie"]
[Result "1-0"]
[WhiteElo "1973"]
[BlackElo "1820"]
[PlyCount "123"]
[EventDate "2017.??.??"]
[TimeControl "6000+1185"]
[WhiteClock "0:01:38"]
[BlackClock "0:01:52"]

1. c4 c5 2. g3 Nc6 3. Bg2 e5 4. Nc3 g6 5. Nf3 Bg7 6. O-O Nge7 7. Ne1 d6 8. Nc2
Be6 9. Ne3 O-O 10. d3 Rb8 11. Ned5 a6 12. a4 Bxd5 13. Nxd5 Nxd5 14. Bxd5 Ne7
15. Bg2 d5 16. Bg5 d4 17. Qc2 f5 18. Qd2 Bf6 19. Bh6 Bg7 20. Bxg7 Kxg7 21. b4
b6 22. Rfb1 Qc7 23. Rb2 Nc6 24. Bxc6 Qxc6 25. b5 axb5 26. axb5 Qb7 27. Rba2 Ra8
28. Qg5 h6 29. Qd2 g5 30. Ra6 f4 31. Qa2 fxg3 32. hxg3 Rxa6 33. bxa6 Qf7 34.
Rf1 Ra8 35. Qa4 h5 36. Qb5 Qa7 37. Ra1 Qc7 38. Rb1 Rb8 39. Ra1 Ra8 40. Rb1 Rb8
41. Kg2 g4 42. Rh1 Qf7 43. Qc6 Rf8 44. Qb7 Qxb7+ 45. axb7 Rb8 46. Rxh5 Rxb7 47.
Rxe5 Kf6 48. Rd5 Rb8 49. Rd6+ Ke5 50. Rc6 Kf5 51. f3 Re8 52. Kf2 gxf3 53. exf3
Re3 54. Rxb6 Rxd3 55. Rc6 Rd2+ 56. Ke1 Ra2 57. Rxc5+ Ke6 58. Rd5 Ra3 59. Ke2
Ra2+ 60. Kd3 Ra3+ 61. Ke4 Ra8 62. Kxd4 1-0

[Event "France Jeunes Belfort 2017"]
[Site "Belfort"]
[Date "2017.04.22"]
[Round "8.2"]
[White "Sumarriva Paulin, Laura"]
[Black "Favarel-Lubeigt, Helina"]
[Result "1/2-1/2"]
[WhiteElo "1521"]
[BlackElo "1537"]
[PlyCount "71"]
[EventDate "2017.??.??"]
[TimeControl "6000+670"]
[WhiteClock "0:10:13"]
[BlackClock "0:29:11"]

1. d4 Nf6 2. c4 g6 3. Nc3 d5 4. Bg5 Bg7 5. Bxf6 Bxf6 6. Nxd5 Bg7 7. e3 c6 8.
Nc3 c5 9. Nf3 Nc6 10. d5 Ne5 11. Nxe5 Bxe5 12. Qd2 b6 13. Bd3 Bb7 14. Rc1 O-O
15. O-O Qd6 16. f4 Bg7 17. a3 Rad8 18. Nb5 Qd7 19. e4 a6 20. Nc3 Bh6 21. Qf2 e5
22. Ne2 exf4 23. Qh4 Bg7 24. Rc2 Qd6 25. Qxf4 Be5 26. Qh6 Bg7 27. Qh3 Bc8 28.
Qf3 Rde8 29. Nc3 Re5 30. Nb1 Rh5 31. g3 Bd4+ 32. Kh1 Rh3 33. Re1 Be5 34. Bf1
Rh5 35. Kg1 Rg5 36. Kh1 1/2-1/2

[Event "France Jeunes Belfort 2017"]
[Site "Belfort"]
[Date "2017.04.22"]
[Round "8.2"]
[White "Viel, Simon"]
[Black "Coiffait, Pierre-Basile"]
[Result "0-1"]
[WhiteElo "2220"]
[BlackElo "2193"]
[PlyCount "144"]
[EventDate "2017.??.??"]
[TimeControl "6000+760"]
[WhiteClock "0:03:43"]
[BlackClock "0:04:11"]

1. e4 c6 2. Nc3 d5 3. Nf3 Bg4 4. h3 Bxf3 5. Qxf3 e6 6. g3 Nf6 7. Bg2 Nbd7 8. d4
Nb6 9. O-O Be7 10. Bg5 O-O 11. Rad1 Rc8 12. Qd3 Nc4 13. Rb1 h6 14. Bxf6 Bxf6
15. f4 b5 16. e5 Be7 17. b3 Na3 18. Rbd1 c5 19. Ne2 c4 20. Qf3 Nxc2 21. f5 exf5
22. Nf4 Nb4 23. a3 Nd3 24. Nxd5 Bxa3 25. Qxf5 Qg5 26. Qxg5 hxg5 27. bxc4 bxc4
28. Ra1 Bb2 29. Ne7+ Kh8 30. Ra4 Bxd4+ 31. Kh2 Rce8 32. Nc6 Bb6 33. Rxc4 Nxe5
34. Re4 Nxc6 35. Rxe8 Rxe8 36. Bxc6 Re2+ 37. Bg2 Kg8 38. Rc1 g6 39. Rc4 Kg7 40.
h4 gxh4 41. Rxh4 a5 42. Kh3 Bc5 43. Rc4 Bb4 44. Bd5 Rd2 45. Bc6 Rd3 46. Rf4 Bd6
47. Rf3 Rxf3 48. Bxf3 f5 49. Bd1 Kf6 50. Kg2 g5 51. Kf3 Ke5 52. Bc2 f4 53.
gxf4+ gxf4 54. Ba4 Kd4 55. Ke2 Kc3 56. Bc6 Kb4 57. Kd3 Bc5 58. Ke4 Be3 59. Kd3
a4 60. Bd5 a3 61. Bf7 Kc5 62. Be6 Kb4 63. Bd5 Bf2 64. Bf7 Bg3 65. Kc2 f3 66.
Bh5 f2 67. Be2 Be5 68. Kb1 Kb3 69. Bd1+ Kc3 70. Be2 Kd2 71. Ba6 Ke1 72. Ka2 Bd6
0-1

[Event "France Jeunes Belfort 2017"]
[Site "Belfort"]
[Date "2017.04.22"]
[Round "8.3"]
[White "Amr-Tardif, Corail"]
[Black "Pentcheff, Laura"]
[Result "1-0"]
[WhiteElo "1474"]
[BlackElo "1366"]
[PlyCount "119"]
[EventDate "2017.??.??"]
[TimeControl "6000+1275"]
[WhiteClock "0:13:31"]
[BlackClock "0:19:43"]

1. e4 d6 2. d4 Nf6 3. Nc3 g6 4. Bg5 Bg7 5. f4 O-O 6. Nf3 c6 7. Be2 b5 8. a3 Bb7
9. O-O a5 10. Bd3 Nbd7 11. Qd2 Re8 12. e5 dxe5 13. fxe5 b4 14. Ne4 Nd5 15. Nd6
Qb6 16. Nxe8 Nxe5 17. Nxg7 Nxf3+ 18. gxf3 Qxd4+ 19. Kg2 Kxg7 20. axb4 axb4 21.
Rxa8 Bxa8 22. b3 c5 23. Re1 Nf6 24. Rxe7 Qg4+ 25. Kf1 Qxf3+ 26. Qf2 Ng4 27.
Qxf3 Nxh2+ 28. Kf2 Nxf3 29. Be3 Kf6 30. Re8 Bc6 31. Rc8 Bb7 32. Rc7 Ba8 33.
Bxc5 h5 34. Ke3 Nh2 35. Bxb4 Ke6 36. Bc4+ Bd5 37. Bxd5+ Kxd5 38. Rxf7 Ke6 39.
Rf8 Ng4+ 40. Ke2 Ne5 41. Re8+ Kf5 42. Rxe5+ Kxe5 43. Kf3 g5 44. Be1 g4+ 45. Kg3
Kd5 46. Kh4 Ke4 47. c4 Kd4 48. Kxh5 g3 49. Bxg3 Kc5 50. Kg5 Kb4 51. Bf2 Kc3 52.
c5 Kb4 53. c6 Kb5 54. c7 Ka5 55. Bb6+ Kb5 56. c8=Q Kb4 57. Qc4+ Ka3 58. Bc5+
Kb2 59. Bd4+ Ka3 60. Qa4# 1-0